[Event "Internet Section 06B g/8'+2\""]
[Site "Dos Hermanas"]
[Date "2004.03.06"]
[Round "1"]
[White "Edwards, Keith"]
[Black "Monti, Tony"]
[Result "1/2-1/2"]
[WhiteElo "1416"]
[BlackElo "1949"]
[PlyCount "82"]
[EventDate "2004.03.06"]
[EventType "swiss (blitz)"]
[EventRounds "9"]
[EventCountry "ESP"]
[SourceTitle "CBM 099 Extra"]
[Source "ChessBase"]
[SourceDate "2004.05.04"]
[SourceVersion "1"]
[SourceVersionDate "2004.05.04"]
[SourceQuality "1"]

1. e4 c5 2. Nf3 e6 3. d4 cxd4 4. Nxd4 a6 5. c4 Nf6 6. Nc3 Bb4 7. Bd3 Nc6 8. Nb3 d5 9. exd5 exd5 10. 0-0 Bxc3 11. bxc3 0-0 12. Bg5 dxc4 13. Bxc4 Qxd1 14. Raxd1 Ne4 15. Bd2 Bf5 16. f3 Nxd2 17. Rxd2 Rac8 18. Bd5 Rfe8 19. Nd4 Nxd4 20. cxd4 Rc7 21. Kf2 b5 22. g4 Bg6 23. h4 h6 24. f4 Rd8 25. Bf3 f6 26. Rfd1 Bf7 27. d5 Rc4 28. Kg3 Rc3 29. Rd3 Rxd3 30. Rxd3 Rd6 31. f5 Kf8 32. Kf4 Ke8 33. Ke4 Kd7 34. Kd4 Rb6 35. Kc5 Rb8 36. Ra3 Rc8+ 37. Kb6 Rb8+ 38. Kc5 Ra8 39. Kb6 Rb8+ 40. Kc5 Rc8+ 41. Kb6 Rb8+ 1/2-1/2